[Event "Another Tournament"]
[Site "SchemingMind.com"]
[Date "2022.09.07"]
[Round "-"]
[White "ray winteringham"]
[Black "roscoe"]
[Result "1-0"]
[WhiteCountry "ENG"]
[BlackCountry "USA"]
[WhiteElo "1423"]
[WhiteRD "51"]
[BlackElo "1164"]
[BlackRD "115"]
[GameID "726560"]

1. g3 Nc6 2. Bg2 e5 3. e4 Nf6 4. Ne2 g6 5. O-O Bg7 6. d3 O-O 7. a3 d5 8. Be3 d4 9. Bg5 h6 10. Bxf6 Bxf6
11. Nd2 b5 12. b3 a5 13. f4 exf4 14. Nxf4 Bg7 15. Kh1 h5 16. h4 Bh6 17. Nf3 Bg4 18. Ne2 Bxf3 19. Bxf3 a4 20. b4 Ne5
21. c3 dxc3 22. Nxc3 Qd7 23. Nd5 Qh3+ 24. Kg1 Qxg3+ 25. Bg2 c6 26. Ne7+ Kh8 27. d4 Be3+ 28. Rf2 Bxf2+ 29. Kf1 Ng4 30. Qd2 Nh2+
31. Ke2 Qxg2 32. Qh6#
1-0

[Event "Another Tournament"]
[Site "SchemingMind.com"]
[Date "2022.09.06"]
[Round "-"]
[White "roscoe"]
[Black "John Lewis"]
[Result "0-1"]
[WhiteCountry "USA"]
[BlackCountry "ENG"]
[WhiteElo "1145"]
[WhiteRD "102"]
[BlackElo "1327"]
[BlackRD "76"]
[GameID "726561"]

1. d4 d5 2. c4 dxc4 3. Nc3 c6 4. e4 b5 5. a3 Nf6 6. Nf3 g6 7. g3 Bg7 8. Bg2 O-O 9. O-O Bg4 10. Re1 Bxf3
11. Bxf3 Nfd7 12. e5 e6 13. b3 cxb3 14. Qxb3 a5 15. a4 b4 16. d5 bxc3 17. Qxc3 cxd5 18. Kg2 f6 19. exf6 Bxf6 20. Qa3 Bxa1
21. Qxa1 Qf6 22. Qxf6 Rxf6 23. Bb2 Rf5 24. Rxe6 Nc5 25. Re5 Rxe5 26. Bxe5 Ra7 27. Bxd5+ Kf8 28. Bxb8 Rd7 29. Bc6 Rd4 30. Be5 Rd3
31. Bc7 Nb3 32. Bb5 Rc3 33. Bb6 Rc8 34. h4 Rb8 35. Bc7 Ra8 36. f4 Ra7 37. Bd6+ Kf7 38. Bc4+ Ke8 39. Bxb3 Kd7 40. Bc5 Rb7
41. Bg8 Kc6 42. Ba3 Rg7 43. Be6 h6 44. Bg4 Kd5 45. Bf3+ Kc4 46. Bb2 Rd7 47. Bc1 Kb4 48. Bc6 Rc7 49. Bd2+ Kc5 50. Bb5 Kb6
51. f5 Rc2
0-1

[Event "Another Tournament"]
[Site "SchemingMind.com"]
[Date "2022.09.07"]
[Round "-"]
[White "John Lewis"]
[Black "roscoe"]
[Result "0-1"]
[WhiteCountry "ENG"]
[BlackCountry "USA"]
[WhiteElo "1327"]
[WhiteRD "76"]
[BlackElo "1145"]
[BlackRD "102"]
[GameID "726562"]

1. e4 d6 2. d4 Nc6 3. d5 Ne5 4. Bf4 Nf6 5. Bxe5 dxe5 6. Nd2 e6 7. c4 exd5 8. cxd5 Bg4 9. f3 Bh5 10. g4 Bg6
11. a3 Bd6 12. Ne2 O-O 13. Bg2 Nd7 14. b4 b6 15. Nc1 c5 16. dxc6 Nb8 17. b5 a6 18. Bf1 axb5 19. Bxb5 Ra5 20. a4 Qh4+
21. Kf1 Bc5 22. Qe2 Qh3+ 23. Ke1 Qh6 24. Nc4 Ra7 25. Nxe5 Re8 26. Ned3 Bd4 27. Rb1 Bc3+ 28. Kf2 Qh4+ 29. Ke3 h6 30. Na2 Be5
31. Nab4 Bd6 32. Nd5 f5 33. Kd2 Na6 34. Nxb6 fxe4 35. Ne1 exf3 36. Qc4+ Kh7 37. Bxa6 Bxb1 38. Nxf3 Qf2+ 39. Qe2 Qxe2+ 40. Bxe2 Be4
41. h4 Bxc6 42. Ra1 Bf4+ 43. Kd1 Be3 44. Nc4 Rd7+ 45. Ke1 Bc5 46. Nfe5 Bd4 47. Nxd7 Bxa1 48. Nc5 Bc3+ 49. Kd1 Bb4
0-1